|
|
|
|
| LEADER |
01200nam a22002057a 4500 |
| 082 |
|
|
|a 894.M1
|b SHI/K P4
|
| 100 |
|
|
|a ശിഹാബുദ്ദീ൯ പൊയ്ത്തുംകടവ്;
|9 152329
|
| 100 |
|
|
|a Shihabhudeen Poithumkadavu
|9 152330
|
| 240 |
|
|
|a Kadal marubhoomiyile veedu
|
| 245 |
|
|
|a കടല് മരുഭൂമിയിലെ വീട്
|
| 250 |
|
|
|a 3rd / 1st (1999)
|
| 260 |
|
|
|a Kozhikode;
|b Pappiyon;
|c 2004
|
| 300 |
|
|
|a 78p.
|
| 650 |
|
|
|a മലയാളം; മലയാളസാഹിത്യം; മലയാളം കവിതകള്
|9 152331
|
| 650 |
|
|
|a Malayalam; Malayalam Literature; Malayalam Poetry
|9 152332
|
| 942 |
|
|
|c BK
|
| 999 |
|
|
|c 40351
|d 40351
|
| 952 |
|
|
|0 0
|1 0
|4 0
|6 894_000000000000000_M1_SHI_K_P4
|7 0
|8 POE
|9 46067
|a MAL
|b MAL
|d 2015-07-01
|e 48996
|g 45.00
|l 0
|o 894.M1 SHI/K P4
|p MAL048996
|r 2015-07-01
|t 1
|w 2015-07-01
|y BK
|
| 952 |
|
|
|0 0
|1 0
|4 0
|6 894_000000000000000_M1_SHI_K_P41
|7 0
|8 POE
|9 46068
|a MAL
|b MAL
|d 2015-07-01
|e 50846
|g 45.00
|l 0
|o 894.M1 SHI/K P4;1
|p MAL050846
|r 2015-07-01
|t 2
|w 2015-07-01
|y BK
|
| 952 |
|
|
|0 0
|1 0
|4 0
|6 894_000000000000000_M1_SHI_K_P42
|7 0
|8 POE
|9 46069
|a MAL
|b MAL
|d 2015-07-01
|e 49899
|g 45.00
|l 0
|o 894.M1 SHI/K P4;2
|p MAL049899
|r 2015-07-01
|t 3
|w 2015-07-01
|y BK
|